000 00832cam a2200217 i 4500
005 20260120092640.0
008 250721s2001 ts gr 000 0 ara d
082 1 4 _a327.16
_bج ا ر
100 1 _aجارنم، ديفيد
_eمؤلف.
245 1 0 _aدراسات في النزاعات الدولية وإدارة الأزمة /
_cد. ديفيد جارنم.
250 _aالطبعة الأولى.
264 3 1 _aأبو ظبي :
_bمركز الأمارات للدراسات و البحوث،
_c2001.
300 _a63 صفحة.
490 0 _aسلسلة محاضرات الأمارات ؛
_vرقم 45.
650 1 7 _aالصراع الدولي
650 1 7 _aالإدارة
650 1 7 _aالنزاعات الدولية
830 0 _aسلسلة محاضرات الأمارات.
942 _2ddc
_cBK
999 _c68293
_d68293